000 00434nam a2200181Ia 4500
005 20240823040241.0
008 240823s9999||||xx |||||||||||||| ||und||
041 _aENGLISH
082 _A332 M9
100 _a"Coggan,Philip"
245 4 _aThe Money Machine : How the City Works
250 _a1st
260 _c1989
_b"Penguin,England"
500 _aYES
650 _aMoney
_bManagement Studies
942 _cBK
999 _c202643
_d202643